Artists Featured on the BRAT Remix Album by Charli XCX - Statistics

General Stats
  • This quiz has been taken 101 times
    82 since last reset
  • The average score is 15 of 20
Answer Stats
Song Featured artist % Correct
Guess Billie Eilish
98%
Sympathy is a knife Ariana Grande
97%
Talk talk Troye Sivan
95%
Girl, so confusing Lorde
93%
Von dutch Addison Rae
81%
Von dutch A. G. Cook
79%
So I A. G. Cook
79%
Spring breakers Kesha
78%
I might say something stupid The 1975
78%
I think about it all the time Bon Iver
71%
360 Yung Lean
71%
Club classics Bb trickz
69%
Everything is romantic Caroline Polachek
69%
Apple The Japanese House
69%
365 Shygirl
67%
Mean girls Julian Casablancas
66%
B2b Tinashe
66%
360 Robyn
64%
Rewind Bladee
53%
I might say something stupid Jon Hopkins
50%
No matching quizzes found
Score Distribution
Percent of People with Each Score
Percentile by Number Answered
Your Score History
You have not taken this quiz since the last reset